Estudio de prefactibilidad para la producción de aceite de coquito en Coto Sur
Enregistré dans:
| Auteur principal: | |
|---|---|
| Format: | Livre |
| Publié: |
[San José , Costa Rica]
1992
|
| Sujets: | |
| Tags: |
Ajouter un tag
Pas de tags, Soyez le premier à ajouter un tag!
|
MARC
| LEADER | 00000nam a2200000Ia 4500 | ||
|---|---|---|---|
| 003 | 005523 | ||
| 005 | 20221231144321.0 | ||
| 008 | 140114s1992 cr a m 000 ||s d | ||
| 040 | |c cru CEDI | ||
| 090 | |a TFG 2652 | ||
| 100 | |a Araya Durán, Adrián |9 12337 | ||
| 245 | |a Estudio de prefactibilidad para la producción de aceite de coquito en Coto Sur | ||
| 260 | |c 1992 |a [San José , Costa Rica] | ||
| 300 | |a ¿xi, 108 hojas : ilustraciones (1 plegables) ; 28 cm. | ||
| 500 | |a Proyecto de graduacion (licenciatura en ingenieria quimica)--Universidad de Costa Rica. Facultad de Ingeniería. Escuela de Ingenieria Quimica | ||
| 650 | |x ACEITE DE PALMISTE - PRODUCCION |9 12338 | ||
| 942 | |c TFG |2 ddc | ||
| 999 | |c 20051 |d 20051 | ||
